=LDR 00000nam 2200000 4500 =001 INLIS000000000057920 =005 20210706124112 =035 ##$$a 0010-0721000015 =007 ta =008 210706###########################0#ind## =020 ##$$a 978-979-025-247-9 =082 ##$$a 629.135 =084 ##$$a 629.135 Cha a =245 1#$$a Awas ketabrak pesawat terbang /$c Chappy Hakim =300 ##$$a 289 halaman : $b Ilustrasi ; $c 24 cm =650 #4$$a Penerbangan =264 ##$$a jakarta :$b Grasindo,$c 2009 =336 ##$$a teks$2 rdacontent =337 ##$$a lain-lain$2 rdamedia =338 ##$$a lain-lain$2 rdacarrier =990 ##$$a 03920392 =990 ##$$a 03920392